[Event "Catalunya-ch Seniors 30th"]
[Site "Barcelona"]
[Date "2014.05.25"]
[Round "9"]
[White "Miquel Rodriguez, Francesc"]
[Black "Sanz Bastos, Fernando"]
[Result "1/2-1/2"]
[WhiteElo "1985"]
[BlackElo "2152"]
[PlyCount "83"]
[EventDate "2014.05.17"]
[EventType "swiss"]
[EventRounds "9"]
[EventCountry "ESP"]
[SourceTitle "CBM 160 Extra"]
[Source "ChessBase"]
[SourceDate "2014.07.01"]
[SourceVersion "1"]
[SourceVersionDate "2014.07.01"]
[SourceQuality "1"]

1. e4 e5 2. Nf3 Nc6 3. Bb5 Bc5 4. Nc3 Nf6 5. h3 0-0 6. 0-0 d6 7. d3 a6 8. Ba4 h6 9. Be3 Nd4 10. Bxd4 Bxd4 11. Nxd4 exd4 12. Ne2 b5 13. Bb3 c5 14. c3 dxc3 15. Nxc3 Bb7 16. f3 Rc8 17. Rc1 c4 18. dxc4 bxc4 19. Ba4 Qb6+ 20. Rf2 Rfd8 21. Nd5 Nxd5 22. exd5 Qc5 23. b3 c3 24. Kf1 Bxd5 25. Rfc2 Qa5 26. Qd4 Bc4+ 27. Kg1 Bb5 28. Rxc3 Rxc3 29. Qxc3 Qb6+ 30. Kh1 Bxa4 31. bxa4 Rb8 32. Qc6 Qe3 33. Rd1 Rb6 34. Qc8+ Kh7 35. Qc7 Qe2 36. Rc1 Rb2 37. Rg1 Qe6 38. Ra1 Rxa2 39. Rxa2 Qxa2 40. a5 Qa1+ 41. Kh2 Qe5+ 42. Kh1 1/2-1/2

[Event "Barcelona Vila de Gracia Seniors 55+ op"]
[Site "Barcelona"]
[Date "2014.04.14"]
[Round "5"]
[White "Giralt Toro, Julio"]
[Black "Miquel Rodriguez, Francesc"]
[Result "0-1"]
[WhiteElo "1824"]
[BlackElo "1985"]
[PlyCount "98"]
[EventDate "2014.03.17"]
[EventType "swiss"]
[EventRounds "8"]
[EventCountry "ESP"]
[SourceTitle "EXT 2015"]
[Source "ChessBase"]
[SourceDate "2014.11.20"]
[SourceVersion "1"]
[SourceVersionDate "2014.11.20"]
[SourceQuality "1"]

1. b4 e5 2. Bb2 d6 3. e3 Nf6 4. d4 exd4 5. Bxd4 Be7 6. b5 0-0 7. Bd3 c5 8. Bb2 Nbd7 9. Nf3 Qc7 10. Nbd2 Ne5 11. Be2 b6 12. Nc4 Nxc4 13. Bxc4 Bb7 14. 0-0 Rad8 15. Qe2 d5 16. Bd3 Ne4 17. c4 f5 18. Be5 Bd6 19. Bxd6 Rxd6 20. cxd5 Bxd5 21. Bc4 Bxc4 22. Qxc4+ Qf7 23. Ne5 Qxc4 24. Nxc4 Rd5 25. f3 Nc3 26. a4 Rfd8 27. Ra3 Rd3 28. Kf2 Nd1+ 29. Ke2 Rxa3 30. Nxa3 Nc3+ 31. Kf2 Nxa4 32. Rc1 Kf7 33. Ke2 Ke7 34. Rc2 Rd5 35. Nc4 Kd7 36. Ke1 Ke6 37. Ra2 Nc3 38. Rxa7 Rd7 39. Rxd7 Kxd7 40. Nxb6+ Kc7 41. Nc4 Nxb5 42. Kd2 Kc6 43. Kd3 Nd6 44. Ne5+ Kd5 45. f4 c4+ 46. Kc3 Ke4 47. Nxc4 Nxc4 48. Kxc4 Kxe3 49. Kc3 h5 0-1